000 00335nam a22001457a 4500
003 SGT
020 _a9789351432555
082 _a345.05,DHI
100 _aDHIRAJLAL & RATANLAL
245 _aCRIMINAL PROCEDURE CODE
260 _aGURGAON
_bLEXIS NEXIS
_c2014
300 _a903
650 _aCRIMINAL PROCEDURE CODE
942 _2ddc
_cBK
_01
999 _c11014
_d11014